| 000 | 00850nam a22002177a 4500 | ||
|---|---|---|---|
| 999 |
_c7655 _d7655 |
||
| 003 | AR-CdUCM | ||
| 008 | 190321b ||||| |||| 00| 0 spa d | ||
| 040 |
_aMUNICIPALIDAD PROVINCIAL DEL CUSCO _cBIBLIOTECA MUNICIPAL DEL CUSCO |
||
| 041 | _heng | ||
| 082 |
_a551.7 / _bC74 |
||
| 100 |
_aDunbart, Carl O. _921614 |
||
| 245 | _aPrincipios de estratigrafía / | ||
| 260 |
_aMéxico, D. F : _bCentro Regional de Ayuda Técnica, Agencia para el Desarrollo Internacional, _c1963. |
||
| 300 |
_a422 páginas ; _bIlustraciones, _c25 cm. |
||
| 500 | _aTitulo original: Principles of stratigraphy. | ||
| 505 | _aAmbientes de deposito -- Relaciones estratigraficas básicas -- Interpretación de litotopos específicos -- Síntesis ... | ||
| 650 |
_aGeología estratificada _921615 |
||
| 700 |
_aRodgers, John _921616 |
||
| 942 |
_2ddc _cLIBROS |
||
| 945 | _aacv | ||